Faisalabad International Airport Destinations (Faisalabad, Pakistan) - Statistics

General Stats
  • This quiz has been taken 22 times
    9 since last reset
  • The average score is 6 of 7
Answer Stats
Airline Destination % Correct
Qatar Airways Doha
100%
flydubai/Pakistan International Airlines Dubai (International)
100%
Pakistan International Airlines Karachi
100%
Air Arabia Abu Dhabi
75%
Pakistan International Airlines Jeddah
75%
Pakistan International Airlines Medina
50%
Air Arabia Sharjah
50%
No matching quizzes found
Score Distribution
Percent of People with Each Score
Percentile by Number Answered
Your Score History
You have not taken this quiz since the last reset